|
|
|
|
| LEADER |
01615nam a22003852i 4500 |
| 001 |
001554571 |
| 003 |
CZ BrMZK |
| 005 |
20170406094715.0 |
| 007 |
ta |
| 008 |
161129s1976 xr a er|||||||||||cze d |
| 040 |
|
|
|a JIE303
|b cze
|d BOA001
|e rda
|
| 041 |
1 |
|
|a cze
|h cze
|a ger
|
| 080 |
9 |
|
|a 75
|
| 100 |
1 |
|
|a Najmr, Jan Maria,
|d 1920-2003
|7 ola200202140
|4 art
|
| 245 |
1 |
0 |
|a Jan Maria Najmr :
|b obrazy z let 1963-1975 : Oblastní galerie Vysočiny, Jihlava, 1976 /
|c úvod do katalogu napsala Alena Konečná
|
| 264 |
|
1 |
|a Jihlava :
|b Oblastní galerie Vysočiny,
|c 1976
|
| 300 |
|
|
|a 1 svazek (nestránkováno)
|b ilustrace ;
|c 20 cm
|
| 336 |
|
|
|a text
|b txt
|2 rdacontent
|
| 337 |
|
|
|a bez média
|b n
|2 rdamedia
|
| 338 |
|
|
|a svazek
|b nc
|2 rdacarrier
|
| 500 |
|
|
|a Životopisná data, přehled výstav a zastoupení ve sbírkách
|
| 546 |
|
|
|a Částečně německý text
|
| 600 |
1 |
7 |
|a Najmr, Jan Maria,
|d 1920-
|7 ola200202140
|2 czenas
|
| 610 |
2 |
7 |
|a Oblastní galerie Vysočiny (Jihlava, Česko)
|7 kn20010709311
|2 czenas
|
| 648 |
|
7 |
|a 20. století
|7 ch460558
|2 czenas
|
| 650 |
0 |
7 |
|a české malířství
|7 ph116864
|2 czenas
|
| 650 |
0 |
7 |
|a malíři
|7 ph122596
|2 czenas
|
| 655 |
|
7 |
|a katalogy výstav
|7 fd132536
|2 czenas
|
| 700 |
1 |
|
|a Konečná, Alena,
|d 1933-2007
|7 xx0039703
|4 wfw
|
| 710 |
2 |
|
|a Oblastní galerie Vysočiny (Jihlava, Česko)
|7 kn20010709311
|4 isb
|
| 910 |
|
|
|a BOA001
|b X-0775.813
|
| 990 |
|
|
|a BK
|
| 991 |
|
|
|b 201611
|
| 996 |
6 |
|
|b 2619184292
|c X-0775.813
|l MZK
|r Sklad / do 24 hodin
|n 2
|w 001589884
|u 000020
|a 1
|e BOA001
|j MZK50
|s P
|
| 996 |
7 |
|
|b 2619184293
|c X-0775.813
|l MZK
|r Sklad / do 24 hodin
|n 0
|w 001589884
|u 000010
|a 1
|e BOA001
|j MZK50
|s A
|